000 01003cam a22003017a 4500
003 CHAP
005 20220329141125.0
008 971010s1976 r 00010 d
010 _a62973
011 _a63945
035 _a68804
040 _cCHAP
090 _aFolleto 6735
110 2 _aComisión de Estudios del Territorio Nacional. México
_925677
245 1 3 _aLa cartografía y la información CETENAL
_b: descripción para escuelas de nivel medio
260 _aMéxico, D.F. :
_bComisión de Estudios del Territorio Nacional,
_c1976
300 _a39 p.
590 _aBATCH-UPD
_b10
_c20130110
_lUCH01
_h2031
590 _aBATCH-UPD
_b10
_c20130410
_lUCH01
_h1347
590 _aBATCH-UPD
_b10
_c20130914
_lUCH01
_h0854
590 _aCONVERSION
_b10
_c20130109
_lUCH01
_h1334
650 1 4 _aCartografía.
_919644
650 1 4 _aMéxico
_xMapas.
_976780
700 0 _aPuig de la Parra, Juan B.
_992954
901 _aBK
942 _cFOLL
949 _aFolleto 6735
_bBC
_cFOLL
_d-141871
_eTS1
_i68804
_mD
_si
999 _c62973
_d62973